000 03035nac a22003375a 4500
008 090531t2007 flua f b 001 0 eng d
010 _a 2006024895
020 _a0849317304 (978-0-8493-1730-9 : alk. paper)
020 _a9780849317309 (978-0-8493-1730-9 : alk. paper)
035 _a(OCoLC)ocm70803472
035 _a(OCoLC)70803472
040 _aEG-ScBUE
_beng
_cEG-ScBUE
082 0 4 _a333.79
_bHAN
_222
245 0 0 _aHandbook of energy efficiency and renewable energy /
_cEdited by Frank Kreith, D. Yogi Goswami.
260 _aBoca Raton :
_bCRC Press,
_cc.2007.
300 _a1 v. (various pagings) :
_bill. (some col.) ;
_c26 cm.
490 _aMechanical engineering series
504 _aIncludes bibliographical references and index.
505 0 _aGlobal energy system / D. Yogi Goswami, Frank Kreith -- Energy policy -- Economics methods / Rosalie Ruegg, Walter Short -- Environmental impacts and costs of energy / Ari Rabl, Joseph V. Spadaro -- Distributed generation and demand-side management -- Generation technologies through the year 2025 -- Outlook for U.S. energy consumption and prices in the midterm / Andy S. Kydes -- Transportation systems / Beth Isler -- Infrastructure risk analysis and security -- Electrical energy management in buildings / Craig B. Smith, Kelly E. Parmenter -- Heating, ventilating, and air conditioning control systems / Jan F. Kreider, David E. Claridge, Charles H. Culp -- Energy efficient technologies -- Compact heat exchangers : recuperators and regenerators / Ramesh K. Shah -- Industrial energy efficiency and energy management / Craig B. Smith, Barney L. Capehart, Wesley M. Rohrer Jr. -- Process energy efficiency : pinch technology -- Energy audits for buildings / Moncef Krarti -- Cogeneration / W. Dan Turner -- Energy storage, transmission, and distribution -- Availability of renewable resources -- Solar thermal energy conversion -- Concentrating solar thermal power / Manuel Romero-Alvarez, Eduardo Zarza -- Wind energy conversion / Dale E. Berg -- Photovoltaics fundamentals, technology, and application -- Waste-to-energy combustion / Charles O. Velzy, Leonard M. Grillo -- Biomass conversion processes for energy recovery -- Geothermal power generation / Kevin Kitz -- Hydrogen energy technologies / S.A. Sherif, F. Barbir, T.N. Veziroglu, M. Mahishi, S.S. Srinivasan -- Fuel cells / Xianguo Li -- Appendices / Nitin Goel.
590 _aCatalogued by : Mostafa El-Helaly
650 0 _aEnergy conservation
_vHandbooks, manuals, etc.
_95658
_2BUEsh
650 0 _aRenewable energy sources
_vHandbooks, manuals, etc.
_95659
_2BUEsh
651 _2BUEsh
653 _cAugust2015
700 1 _aKreith, Frank.
_95660
_eeditor.
700 1 _aGoswami, D. Yogi.
_95661
_eeditor.
830 0 _aMechanical engineering series (Boca Raton, Fla.)
_95662
856 4 1 _3Table of contents only
_uhttp://www.loc.gov/catdir/toc/ecip0618/2006024895.html
856 4 1 _3Publisher description
_uhttp://www.loc.gov/catdir/enhancements/fy0664/2006024895-d.html
942 _cBB
_k333.79KRE
_2ddc
999 _c7894
_d7894